| 000 | 00525 a2200169 4500 | ||
|---|---|---|---|
| 003 | NUST | ||
| 005 | 20251021123804.0 | ||
| 040 | _cNust | ||
| 082 | _a621.382,HUS | ||
| 100 |
_aHussain, Capt Tanveer, (TE-36/TCC-11) _9131324 |
||
| 245 |
_aHigh bit rate digital subscriber line / _cCapt Tanveer Hussain, GC Kashif Farooq , GC Moonis Ali , GC Altan Hafeez, PC Armughan Ahmed |
||
| 260 |
_bMCS _c2003 _aRawalpindi |
||
| 300 | _a67 p.; | ||
| 650 |
_aUG Projects _998716 |
||
| 651 |
_aTE-36/TCC-11 _9131325 |
||
| 942 |
_cPR _2ddc |
||
| 999 |
_c188631 _d188631 |
||